01395nam a2200289 a 450000100060000000300080000600500170001400800410003102000150007202000210008703500190010804000350012704100080016208200260017024500780019626000680027430000180034250400400036050503640040065000210076465000330078570000440081870000590086294200120092199900170093395201550095066914BD-RjUL20211209081608.0500101r19881985enk b 001 0 eng d a0521242215 a0521285372 (pbk) a(BD-RjUL)67045 aBD-RjULbengcBD-RjULdBD-RjUL aeng 223a616.852bHAN 198510aHandbook of psychiatry /cedited by Gerald F.M. Russell and Lionel Hersov aCambridge :bCambridge University Press,c1983 [reprinted 1985] a5 v. ;c24 cm aIncludes bibliographies and indexes av. 1. General psychopathology / edited by M. Shepherd and O.L. Zangwill--v. 2. Mental disorders and somatic illness / edited by M.H. Lader--v. 3. Psychoses of uncertain aetiology / edited by J.K. Wing and Lorna Wing--v. 4. The neuroses and personality disorders / edited by Gerald F.M. Russel and Lionel Hersov--v. 5. The scientific foundations of psychiatry. 0aNeuroses9198143 0aPersonality disorders9918611 aHersov, L. A.q(Lionel Abraham)91981441 aRussell, Gerald F. M.q(Gerald Francis Morris)9198145 2ddccBK c66914d66914 00102ddc40718NFICaRUCLbRUCLcReadingd1986-03-04eKarim Internationalg875.00l0o616.852 HAN V-4 1985r2017-03-20 00:00:00tC-1w2021-12-09yBK